| 000 | 01485cam a22003498i 4500 | ||
|---|---|---|---|
| 999 |
_c331812 _d331812 |
||
| 001 | 18692108 | ||
| 003 | NUST | ||
| 005 | 20180117090032.0 | ||
| 008 | 150709s2016 enka b 001 0 eng | ||
| 010 | _a 2015021880 | ||
| 020 | _a9781137453655 (hardback) | ||
| 040 |
_aDLC _beng _cDLC _erda _dDLC |
||
| 042 | _apcc | ||
| 050 | 0 | 0 |
_aH61 _b.D546 2016 |
| 082 | 0 | 0 |
_a300.285 _223 |
| 245 | 0 | 0 |
_aDigital methods for social science : _ban interdisciplinary guide to research innovation / _cedited by, Helene Snee, Christine Hine, Yvette Morey, Steven Roberts, Hayley Watson. |
| 264 | 1 |
_aHoundmills, Basingstoke, Hampshire ; _aNew York, NY : _bPalgrave Macmillan, _c2016. |
|
| 300 |
_axviii, 234 pages : _billustrations ; _c23 cm |
||
| 336 |
_atext _2rdacontent |
||
| 337 |
_aunmediated _2rdamedia |
||
| 338 |
_avolume _2rdacarrier |
||
| 504 | _aIncludes bibliographical references and index. | ||
| 650 | 0 |
_aSocial sciences _xMethodology. _91585 |
|
| 650 | 0 |
_aSocial sciences _xResearch _xData processing. _95672 |
|
| 650 | 0 |
_aInternet research. _95673 |
|
| 650 | 0 |
_aDigital media. _91608 |
|
| 700 | 1 |
_aSnee, Helene, _eeditor. _95674 |
|
| 906 |
_a7 _bcbc _corignew _d1 _eecip _f20 _gy-gencatlg |
||
| 942 |
_2ddc _cBK |
||